000 00888 a2200229 4500
001 64003
005 20260521160828.0
008 260521a1979 arg spa d
003 AR-UNSa-BCEJYS
040 _aAR-UNSa-BCEJYS
_bspa
_cAR-UNSa-BCEJYS
080 _a658.5
_xPlanificación y control de la producción
245 1 0 _aEl control de producción
020 _a978-84-234-0460-5
264 1 _aBilbao :
_bEdiciones Deusto
_c1979
300 _axiv, 525 p.
_c24 cm.
505 _a1. Primera Parte: Fundamentos del control de producción - 2. Segunda Parte: Aspectos económicos del control de producción - 3. Tercera Parte: Los métodos del control de producción - 4. Cuarta Parte: Terminología del control de producción -
041 _aspa
942 _cBK
590 _aniveau_biblio:m niveau_hierar:0
100 1 _aBurbidge, John L.
700 1 _aJiménez Larrea, Rafael
999 _c36481
_d36481